000 00499cam a22002051 4500
001 sa 65008093
003 DLC
005 20260227112153.0
008 890627s1961 ii 000 0 telo
010 _asa 65008093
035 _a(OCoLC)19931810
040 _aDLC
_cWaU
_dDLC
042 _apremarc
050 0 0 _aPK1722.T4
_bF6
100 1 _aTagore, Rabindranath,
_d1861-1941.
245 1 0 _aViśvamānavuḍu.
260 _c[1961?]
300 _axxxviii, 360 p.
_c22 cm.
500 _aIn Telugu.
999 _c65553
_d65553